书目信息 |
| 题名: |
江苏
|
|
| 作者: | ;山谷 撰稿 ;江苏省人民政府 编 | |
| 分册: | ||
| 出版信息: | 北京 外文出版社 2006.01 |
|
| 页数: | 239页, [12] 页图版 | |
| 开本: | 24cm | |
| 丛书名: | 全景中国 | |
| 单 册: | ||
| 中图分类: | K925.3 | |
| 科图分类: | ||
| 主题词: | ||
| 电子资源: | ||
| ISBN: | 7-119-04257-2 | |
| 000 | 00992nam 2200277 450 | |
| 001 | 012006338381 | |
| 005 | 20060904152237.04 | |
| 010 | @a7-119-04257-2@dCNY68.00 | |
| 100 | @a20060611d2006 km y0chiy0120 ea | |
| 101 | 0 | @achi |
| 102 | @aCN@b110000 | |
| 105 | @aabcfz 000yy | |
| 200 | 1 | @a江苏@Ajiang su@e穿行水乡 |
| 210 | @a北京@c外文出版社@d2006.01 | |
| 215 | @a239页, [12] 页图版@c图 (部分彩图), 地图, 肖像@d24cm | |
| 225 | 2 | @a全景中国@Aquan jing zhong guo |
| 314 | @a责任者取自版权页。 | |
| 330 | @a本书从不同角度介绍了江苏的概况,并简单地回顾了江苏过去的历史,从而使人们了解江苏真实鲜活的日常生活、多彩的社会面貌、发展中的经济状况,以及相关的信息资讯等。 | |
| 410 | 0 | @12001 @a全景中国 |
| 517 | 1 | @a穿行水乡@Achuan xing shui xiang |
| 607 | @a江苏省@Ajiang su sheng@x概况 | |
| 690 | @aK925.3@v4 | |
| 702 | 0 | @a山谷@Ashan gu@4撰稿 |
| 711 | 02 | @a江苏省人民政府@Ajiang su sheng ren min zheng fu@b新闻办公室@4编 |
| 801 | 0 | @aCN@bQSSK@c20060904 |
| 905 | @a10447@dK925.3@eJ417 | |
| 江苏:穿行水乡.-北京:外文出版社,2006.01 |
| 239页, [12] 页图版:图 (部分彩图), 地图, 肖像;24cm.-(全景中国) |
| ISBN 7-119-04257-2:CNY68.00 |
| 本书从不同角度介绍了江苏的概况,并简单地回顾了江苏过去的历史,从而使人们了解江苏真实鲜活的日常生活、多彩的社会面貌、发展中的经济状况,以及相关的信息资讯等。 |
| ● |
| 相关链接 |
|
|
|
正题名:江苏
索取号:K925.3/J417
 
预约/预借
| 序号 | 登录号 | 条形码 | 馆藏地/架位号 | 状态 | 备注 |
| 1 | 585613 | 205856135 | 社科库309/ [索取号:K925.3/J417] | 在馆 | |
| 2 | 585614 | 205856144 | 社科库309/ [索取号:K925.3/J417] | 在馆 | |
| 3 | 585615 | 205856153 | 社科库309/309社科库 14排2列4层/ [索取号:K925.3/J417] | 在馆 |